Datum a čas kvízu

22.5 Celkem bodů Celkový počet nahraných bodů na tomto kvízu bez doplňovacích otázek.
7. Pořadí na kvízu Konečné umístění týmu na tomto kvízu.

Zaznamenané odpovědi

# Otázka Odpověď Body Výsledky
1. V Plzni na Lochotíně se bude t... B 0
2. Ve které zemi minulý týden pro... v Íránu 1
3. Britský rapper Stormzy vydal m... Usain Bolt 1
4. V pondělí rozhodl soud, že jed... Goodyear 1
5. Jedna bývalá česká sportovkyně... Gabriela Soukalová 0
6. Vítězné téma facebookového hla... C. Attlee, H. Truman, Stalin 0.5
7. Vyberte název prvního vesmírné... A 0
8. Jak se jmenoval tento muž a kt... Josip Tito, Jugoslávie 0
9. V roce 1988 došlo nad skotským... Muammar Kaddáfí 0
10. Seřaďte níže vypsané události... 1D 2C 3B 4A 0